One Piece Pirate Warrior: Les personnages jouables - Statistiques

Statistiques générales
  • Ce quiz a été pris 735 fois
    309 depuis la dernière actualisation
  • Le résultat moyen est 107 sur 135
Statistiques - réponses
Jeu Personnage % Correct
| OPPW1 Monkey D. Luffy
99%
Monkey D. Luffy (Gear 5)
99%
Nami
99%
Nico Robin
99%
Roronoa Zoro
99%
Tony Tony Chopper
99%
Vinsmoke Sanji
99%
Brook
98%
Franky
98%
Usopp
98%
Jinbe
94%
Kaido
91%
Portgas D. Ace
91%
Charlotte Linlin
90%
Edward Newgate
90%
Shanks
89%
Marshall D. Teach
87%
Monkey D. Garp
87%
Sabo
87%
Sakazuki
87%
Borsalino
86%
Kuzan
85%
Boa Hancock
84%
Crocodile
84%
Don Quijote Doflamingo
82%
Dracule Mihawk
81%
Trafalgar Law
81%
Charlotte Dent-de-Chien
80%
Gecko Moria
80%
Marco
80%
Baggy
79%
Bartholomew Kuma
79%
Eustass Kidd
76%
Smoker
75%
Rob Lucci
71%
Issho
70%
Ener
69%
Tashigi
67%
Gol . Roger
63%
Basil Hawkins
60%
Koby
59%
Kinémon
57%
Capone Bege
56%
Magellan
56%
X Drake
56%
Emporio Ivankov
55%
Killer
55%
Urouge
55%
Charlotte Smoothie
53%
Charlotte Cracker
52%
César Clown
50%
Yamato
48%
Vinsmoke Ichiji
45%
Vinsmoke Reiju
45%
Vinsmoke Yonji
45%
Perona
44%
Vinsmoke Niji
44%
Vinsmoke Judge
42%
Carrot
40%
Bartoloméo
36%
Cavendish
35%
Kiku
23%
Uta
18%
Kaido (Hybride)
5%
Shanks (Red)
4%
Aucun quiz correspondant
Distribution des résultats
% des personnes avec chaque résultat
Percentile par nombre de réponses
Votre historique - résultats
Vous n’avez pas pris ce quiz depuis la dernière actualisation